Postaci z "Wyprawy profesora Gąbki" - Statystyki

Ogólne statystyki
  • Ten quiz został rozwiązany 7 razy
  • Średni wynik to 4 z 12
Statystyki odpowiedzi
Opis Postać % Poprawnych
Przewodnik wyprawy, profesor Baltazar Gąbka
100%
Przyjaciel profesora, który brał udział w jego uratowaniu Smok Wawelski
80%
Książęcy kucharz Bartolini
60%
Przewodnik zbójów próbujących zdobyć Nasturcję Debiliusz Rudobrody
20%
Doktor podróżujący z nimi Kojot
20%
Książę, wladajacy w Krakowie Krak
20%
Zbójnicku napotkany po drodze, który dołącza do wyprawy Marcin
20%
Zwierzątko napotkane na drodze, które dołącza do wyprawy Myping
20%
Jego wierny sługa Mżawka
20%
Właściciel dinozaurów Damian Rufinus
0%
Żona zbójnika Katarzyna
0%
Władca krainy deszczowców, który uciekł z niewoli Największy deszczowiec
0%
Nie znaleziono quizów pasujących do podanych kryteriów
Rozkład punktacji
Procent ludzi z każdym wynikiem
Percentyl według liczby udzielonych odpowiedzi
Twoja historia wyników
Nie rozwiązałeś tego quizu